| 000 | 00671nam a22002177a 4500 | ||
|---|---|---|---|
| 005 | 20170406112733.0 | ||
| 010 | _aG-001664 ENG-117712 | ||
| 020 |
_a9788186307274 _c350.00 |
||
| 035 | 1 | d | _aG-001664 |
| 035 | 1 | d | _aEN-101244 |
| 037 | _bGift | ||
| 082 | _a911.54162 | ||
| 100 | _aBoruah, Nkirode | ||
| 245 |
_aHistorical geopraphy of early Assam / _cby Nirode Boruah |
||
| 260 |
_aGuwahati _bDVS Publishers _c2010 |
||
| 270 |
_aH.B. Road, Panbazar _bGuwahati _e781001 |
||
| 300 |
_axv, 142p. _c24cm(Hb) _bill. |
||
| 500 | _aIncludes bibliographical references | ||
| 942 |
_2ddc _cEN _h911.54162 _mBOR |
||
| 999 |
_c57207 _d57207 |
||